| 000 | 01097cam a2200265 4500 | ||
|---|---|---|---|
| 001 | ABS63371 | ||
| 008 | 000000n2001 000 0 eng u | ||
| 035 | _a(Sirsi) u110444 | ||
| 100 | _aThomson, C. | ||
| 245 | _aCharter for change | ||
| 260 | _c2001 | ||
| 490 |
_aRIBA Journal _v180(1) January 2001, 40-46(6) |
||
| 520 | _aLooks at the refurbishment of the Charter School in Dulwich by architects Penoye and Prasad, a fast-track project undertaken in fourteen months with construction completed in eight. Explains the architects' philosophy of 'sustainable improvement', including the building's environmental strategy, together with their use of colour. Gives details of costs and a detailed section through the fabric of the entrance foyer. | ||
| 590 | _aABS | ||
| 650 | _aARCHITECTURAL DESIGN | ||
| 650 | _aENVIRONMENTALLY FRIENDLY BUILDINGS | ||
| 650 | _aFAST TRACK CONSTRUCTION | ||
| 650 | _aPHOTOVOLTAICS | ||
| 650 | _aRECYCLING | ||
| 650 | _aSCHOOLS | ||
| 650 | _aSUSTAINABLE CONSTRUCTION | ||
| 650 | _aSUSTAINABLE DESIGN | ||
| 690 | _aBUILT ENVIRONMENT | ||
| 942 | _n0 | ||
| 999 |
_c65847 _d65847 |
||